| 000 | 03908nam a22006615i 4500 | ||
|---|---|---|---|
| 005 | 20230718140323.0 | ||
| 006 | m|||||o||d|||||||| | ||
| 007 | cr || |||||||| | ||
| 008 | 221201t20212021gw fo d z spa d | ||
| 020 | _a9783839458839 | ||
| 040 |
_aDE-B1597 _beng _cDE-B1597 _erda |
||
| 041 | 0 | _aspa | |
| 082 | 0 | 4 |
_83p _a900 _qDE-101 |
| 100 | 1 |
_aMüller, Andrea Heidy, _eauthor. _4aut _4http://id.loc.gov/vocabulary/relators/aut |
|
| 245 | 1 | 0 |
_aRepensar la Revolución del Poncho : _bActivismo católico y políticas de representación en el espacio andino del Ecuador (1955-1988) / _cAndrea Heidy Müller. |
| 264 | 1 |
_aBielefeld : _btranscript Verlag, _c[2021] |
|
| 264 | 4 | _c©2021 | |
| 300 | _a1 online resource (380 p.) | ||
| 336 |
_atext _btxt _2rdacontent |
||
| 337 |
_acomputer _bc _2rdamedia |
||
| 338 |
_aonline resource _bcr _2rdacarrier |
||
| 347 |
_atext file _bPDF _2rda |
||
| 490 | 0 |
_aHistoire ; _v191 |
|
| 505 | 0 | 0 |
_tFrontmatter -- _tÍndice -- _tAGRADECIMIENTOS -- _tINTRODUCCIÓN -- _tPRIMERA PARTE -- _t1. La Iglesia Católica entre el indigenismo y las confusiones de cambio (1955-1969) -- _tSEGUNDA PARTE -- _t2. Activismo católico: teología de la liberación, pastoral indígena y cooperación internacional para el desarrollo (1970-1986) -- _tTERCERA PARTE -- _t3. Luchas en el espacio andino: movimiento indígena, derechos humanos y resistencias a la representación (1972-1988) -- _tCONCLUSIONES -- _tAPÉNDICES |
| 506 | 0 |
_funrestricted online access _2star |
|
| 520 | _aEste libro ofrece el primer estudio histórico integral sobre la teología de la liberación en Ecuador. Al indagar más allá del llamado »Obispo de los Indios« (L. Proaño), la obra desmitifica las narrativas dominantes sobre el activismo católico postconciliar en los Andes. Este estudio, a partir de la investigación de archivo y la historia oral, explora los entrelazamientos entre el catolicismo progresista latinoamericano, el activismo religioso local, y la formación del movimiento indígena. Repensar la Revolución del Poncho arroja nuevas luces sobre las expresiones locales de un fenómeno transnacional, y sus vínculos con los discursos sobre derechos humanos y la cooperación internacional para el desarrollo. | ||
| 536 | _afunded by Swiss National Science Foundation (SNSF) | ||
| 538 | _aMode of access: Internet via World Wide Web. | ||
| 540 |
_aThis eBook is made available Open Access under a CC BY-NC-ND 4.0 license: _uhttps://creativecommons.org/licenses/by-nc-nd/4.0 _uhttps://www.degruyter.com/dg/page/open-access-policy |
||
| 546 | _aIn Spanish, Castilian. | ||
| 588 | 0 | _aDescription based on online resource; title from PDF title page (publisher's Web site, viewed 01. Dez 2022) | |
| 650 | 4 | _aAmérica Latina. | |
| 650 | 4 | _aEcuador. | |
| 650 | 4 | _aHistoria de América del Sur. | |
| 650 | 4 | _aHistoria del Siglo XX. | |
| 650 | 4 | _aHistoriografía. | |
| 650 | 4 | _aMovimiento Indígena. | |
| 650 | 4 | _aMovimientos Sociales. | |
| 650 | 4 | _aPolítica. | |
| 650 | 4 | _aReligión. | |
| 650 | 4 | _aSociedad Civil. | |
| 650 | 4 | _aTeología de la Liberación. | |
| 650 | 7 |
_aHISTORY / Latin America / South America. _2bisacsh |
|
| 653 | _aCivil Society. | ||
| 653 | _aEcuador. | ||
| 653 | _aHistory of the 20th Century. | ||
| 653 | _aHistory. | ||
| 653 | _aPolitics. | ||
| 653 | _aReligion. | ||
| 653 | _aSocial Movements. | ||
| 653 | _aSouth American History. | ||
| 710 | 2 |
_aSwiss National Science Foundation (SNSF) _efunder. _4fnd _4http://id.loc.gov/vocabulary/relators/fnd |
|
| 776 | 0 |
_cprint _z9783837658835 |
|
| 856 | 4 | 0 |
_uhttps://doi.org/10.1515/9783839458839?locatt=mode:legacy _zOpen Access _70 |
| 856 | 4 | 0 |
_uhttps://www.degruyter.com/isbn/9783839458839 _zOpen Access _70 |
| 856 | 4 | 2 |
_3Cover _uhttps://www.degruyter.com/document/cover/isbn/9783839458839/original |
| 942 | _cE-BOOK | ||
| 999 |
_c70466 _d70465 |
||